Propuesta para un Sistema Nacional de Salud (Registro nro. 2251)

Detalles MARC
000 -CABECERA
campo de control de longitud fija 00535nam a2200217Ia 4500
003 - IDENTIFICADOR DEL NÚMERO DE CONTROL
campo de control AR-RoIUNI
005 - FECHA Y HORA DE LA ÚLTIMA TRANSACCIÓN
campo de control 20190115145555.0
008 - DATOS DE LONGITUD FIJA--INFORMACIÓN GENERAL
campo de control de longitud fija 150630s9999 xx 000 0 und d
040 ## - FUENTE DE LA CATALOGACIÓN
Centro/agencia modificador OCLC
Centro/agencia transcriptor AR-RoIUNI
080 ## - NÚMERO DE LA CLASIFICACIÓN DECIMAL UNIVERSAL
Número de la Clasificación Decimal Universal 614.2 AUF
100 1# - ENTRADA PRINCIPAL--NOMBRE DE PERSONA
Nombre de persona Aufiero, Jorge Félix, dr.
245 1# - MENCIÓN DE TÍTULO
Título Propuesta para un Sistema Nacional de Salud
260 ## - PUBLICACIÓN, DISTRIBUCIÓN, ETC. (PIE DE IMPRENTA)
Lugar de publicación, distribución, etc. Buenos Aires.-
260 ## - PUBLICACIÓN, DISTRIBUCIÓN, ETC. (PIE DE IMPRENTA)
Nombre del editor, distribuidor, etc. USAL.-
260 ## - PUBLICACIÓN, DISTRIBUCIÓN, ETC. (PIE DE IMPRENTA)
Fecha de publicación, distribución, etc. 2001.-
300 ## - DESCRIPCIÓN FÍSICA
Extensión 139 p.
300 ## - DESCRIPCIÓN FÍSICA
Dimensiones 21.5 cm.
500 ## - NOTA GENERAL
Nota general Contiene: bibliografía.-
650 10 - PUNTO DE ACCESO ADICIONAL DE MATERIA--TÉRMINO DE MATERIA
Término de materia o nombre geográfico como elemento inicial Salud
9 (RLIN) 228
942 ## - ELEMENTOS DE PUNTO DE ACCESO ADICIONAL (KOHA)
Tipo de ítem Koha Libros
Fuente del sistema de clasificación o colocación Clasificación Decimal Universal
Suprimir en OPAC 1
Existencias
Estado de retiro Estado de pérdida Fuente del sistema de clasificación o colocación Estado dañado Restricciones de uso Excepción de préstamo Código de colección Localización permanente Ubicación/localización actual Ubicación en estantería Fecha de adquisición Número de inventario Total de préstamos Signatura topográfica completa Código de barras Fecha visto por última vez Precio válido a partir de Tipo de ítem Koha
    Clasificación Decimal Universal   Consulta en biblioteca   Enfermería BIBLIOTECA RIOBAMBA BIBLIOTECA RIOBAMBA BIBLIOTECA RIOBAMBA 06/08/2021 4817   614.2 AUF 4817c 15/01/2019 15/01/2019 Libros
    Clasificación Decimal Universal       General BIBLIOTECA CENTRAL BIBLIOTECA CENTRAL BIBLIOTECA CENTRAL 28/04/2021 6874   614.2 AUF 6874 28/04/2021 28/04/2021 Libros